A housekeeping Supervisor-i tevékenységek a Mamaison Residence Izabella Budapest szállodában
| Szerző: | |
|---|---|
| További közreműködők: | |
| Dokumentumtípus: | Projektmunka |
| Kulcsszavak: | hatékonyság hatékonyság elemzése hotel housekeeping supervisor |
| Online Access: | http://dolgozattar.uni-bge.hu/59802 |
MARC
| LEADER | 00000nnm a2200000 i 4500 | ||
|---|---|---|---|
| 001 | dolg59802 | ||
| 005 | 20260409145601.0 | ||
| 008 | 260409suuuu hu o 000 hun d | ||
| 040 | |a BGE Dolgozattár Repozitórium |b hun | ||
| 041 | |a hu | ||
| 100 | 1 | |a Pásztor Maja Jázmin | |
| 245 | 1 | 2 | |a A housekeeping Supervisor-i tevékenységek a Mamaison Residence Izabella Budapest szállodában |c Pásztor Maja Jázmin |h [elektronikus dokumentum] |
| 516 | |a Project_work | ||
| 520 | 3 | |a Projektmunkámban a szobalányok hatékonyságának növelését kutattam és kerestem rá a választ. Interjúalanyaim rávilágítottak arra, hogy nagyon sok hiányosság van ezen a területen, ugyanis a housekeeping részleg az ahol a legtöbbet próbál spórolni a vezetőség. Legfőbb probléma a nem megfelelő minőségű tisztítószerek, az emberhiány, és a hotelben ahol a szakmai gyakorlatomat végeztem a szobalányok nyelvihiányosságai. Ezekre a negatívumokra próbáltam megoldást találni és ezeket fejtettem ki a dolgozatomban. Továbbá bemutattam a Mamaison Residence Izabella Budapest hotelt ahol töltöttem a szakmai gyakorlatomat és részletesen kifejtettem, hogy milyen szobákat és szolgáltatásokat kapnak az ott tartózkodni vágyó vendégek. | |
| 695 | |a hatékonyság | ||
| 695 | |a hatékonyság elemzése | ||
| 695 | |a hotel | ||
| 695 | |a housekeeping | ||
| 695 | |a supervisor | ||
| 700 | 1 | |a Bártfai Endre György |e ths | |
| 856 | 4 | 0 | |u http://dolgozattar.uni-bge.hu/59802/1/P%C3%A1sztor%20Maja%20J%C3%A1zmin%20projektmunka%20100%5EL1%20pdf.pdf |z Dokumentum-elérés |
| 856 | 4 | 0 | |u http://dolgozattar.uni-bge.hu/59802/2/P%C3%A1sztor%20Maja%20J%C3%A1zmin_Projektmunka_B%C3%ADr%C3%A1lati%20lap_FOSZK_B%C3%A1rtfai%20Endre.pdf |z Dokumentum-elérés |